Formula one drivers line-up 1991 - Statistics

General Stats
  • This quiz has been taken 155 times
  • The average score is 29 of 49
Answer Stats
Constructor Rounds Driver Nationality % Correct
McLaren All Ayrton Senna Brazil
94%
McLaren All Gerhard Berger Austria
79%
Williams All Nigel Mansell UK
74%
Williams All Riccardo Patrese Italy
73%
Brabham All Martin Brundle UK
71%
Ferrari 1-15 Alain Prost France
69%
Lotus 5-8, 11, 13, 15-16 Johnny Herbert UK
69%
Lotus All Mika Häkkinen Finland
69%
Benetton All Nelson Piquet Brazil
69%
Footwork 5-8 Stefan Johansson Sweden
69%
AGS 1-2 Stefan Johansson Sweden
69%
Dallara All JJ Lehto Finland
68%
Benetton 12-16 Michael Schumacher Germany
68%
Jordan 11 Michael Schumacher Germany
68%
Tyrrell All Satoru Nakajima Japan
68%
Ferrari All Jean Alesi France
66%
Footwork All Michele Alboreto Italy
66%
Jordan All Andrea de Cesaris Italy
63%
Brabham All Mark Blundell UK
63%
Tyrrell All Stefano Modena Italy
61%
Ligier All Thierry Boutsen Belgium
61%
Larrousse All Aguri Suzuki Japan
60%
Benetton 1-11 Roberto Moreno Brazil
60%
Minardi 16 Roberto Moreno Brazil
60%
Jordan 12-13 Roberto Moreno Brazil
60%
Leyton House 1-14 Ivan Capelli Italy
58%
Footwork 1-4, 9-16 Alex Caffi Italy
56%
Larrousse 16 Bertrand Gachot Belgium
56%
Jordan 1-10 Bertrand Gachot Belgium
56%
Minardi 1-15 Gianni Morbidelli Italy
56%
Ferrari 16 Gianni Morbidelli Italy
56%
Minardi All Pierluigi Martini Italy
56%
Dallara All Emanuele Pirro Italy
55%
Leyton House All Maurício Gugelmin Brazil
55%
Ligier All Érik Comas France
52%
Modena All Nicola Larini Italy
52%
Larrousse 1-15 Éric Bernard France
50%
Lotus 1-4 Julian Bailey UK
50%
Leyton House 15-16 Karl Wendlinger Austria
50%
Fondmetal 1-13 Olivier Grouillard France
50%
AGS 14 Olivier Grouillard France
50%
Jordan 14-16 Alessandro Zanardi Italy
48%
Modena All Eric van de Poele Belgium
47%
Fondmetal 14-16 Gabriele Tarquini Italy
47%
AGS 1-13 Gabriele Tarquini Italy
47%
AGS 3-14 Fabrizio Barbazza Italy
45%
Lotus 9-10, 12, 14 Michael Bartels Germany
45%
Coloni 1-13 Pedro Chaves Portugal
39%
Coloni 15-16 Naoki Hattori Japan
37%
No matching quizzes found
Score Distribution
Percent of People with Each Score
Percentile by Number Answered
Your Score History
You have not taken this quiz